Taylor Swift - Devine la chanson sans indices #67 - Statistiques

Statistiques générales
  • Ce quiz a été pris 220 fois
  • Le résultat moyen est 255 sur 398
Statistiques - réponses
Réponse % Correct
I
99%
(I
99%
you
97%
You
97%
a
96%
Ah
96%
ah
96%
the
95%
The
95%
me
92%
me?
92%
me)
92%
me),
92%
your
89%
Your
89%
be
88%
in
88%
on
88%
Do
86%
to
86%
And
85%
and
85%
I'm
84%
my
84%
of
83%
so
83%
know
81%
know,
81%
like
81%
It's
80%
that
80%
(That
80%
what
79%
But
78%
but
78%
are
77%
Are
77%
at
75%
ever
75%
how
75%
did
73%
for
73%
No
73%
Then
73%
look
72%
time
72%
all
70%
(all
70%
feel
67%
had
67%
(had
67%
'Cause
66%
her
66%
just
66%
got
65%
every
64%
Every
64%
I'll
63%
not
63%
with
63%
from
62%
From
62%
high
62%
night
61%
school
61%
school)
61%
saw
60%
knew
59%
or
59%
ball,
57%
first
57%
Tell
57%
us
57%
'bout
56%
dare,
56%
eye
55%
wanted
55%
Aristotle
54%
kiss,
54%
boy,
53%
spin
53%
Truth,
53%
gonna
52%
hide
52%
think,
52%
find
51%
bottles
50%
Get
50%
marry,
50%
our
50%
game,
49%
kill
49%
(Kill
49%
wanna
49%
babe
48%
blink
48%
new,
48%
really
48%
(really)
48%
2
46%
friends
45%
play
45%
one's
44%
Auto
43%
crowd
43%
while
43%
already
42%
Brand
42%
Grand
42%
middle
42%
car
40%
Touch
40%
true,
40%
American
39%
damn
39%
honor
39%
watching
39%
around,
38%
practice
38%
quiet
38%
again
37%
dad
37%
isn't
37%
Pie
37%
Saturday
37%
sweet?
37%
sweet)
37%
Theft
37%
3
36%
3)
36%
full
36%
scouts
36%
throttle
36%
backseat
35%
(backseat)
35%
'bout
35%
jokes
35%
laughing
35%
swear,
35%
(yeah)
35%
bros
34%
suddenly
34%
trying
33%
drink
32%
fingers
32%
impression
32%
pull
31%
voices
31%
bettin'
30%
smoking
30%
hearing
29%
Bittersweet
28%
crinkling
27%
16
26%
madman
26%
sighs
24%
lights
23%
twinkling
21%
sinking,
20%
wrinkle
20%
pink
19%
stifle
19%
door,
18%
Cheeks
17%
entwined
17%
brink
14%
Aucun quiz correspondant
Distribution des résultats
% des personnes avec chaque résultat
Percentile par nombre de réponses
Votre historique - résultats
Vous n’avez pas pris ce quiz